Регионална библиотека "Любен Каравелов" - Русе

Теория на еластичността (Запис номер 59222)

MARC детайли
000 -Лидер
Контролно поле с фиксирана дължина nam a22 a 4500
003 - Код на организацията, давaща контролен номер
Контролно поле BLK
005 - Дата и час на последна редакция
Контролно поле 20221021145829.0
008 - Елементи от данни с фиксирана дължина
fixed length control field 180408b bul|||||r ||||||| ||bul||
040 ## - Източник на каталожния запис
Идентификатор на билиотеката - собственик на записа BLK
041 ## - Код за език
Код за езика на текст/звукозапис или на отделно заглавие Български
Код за езика КДБФ Български
080 ## - УДК
Текстов определител УДК Механика на деформируемите тела. Еластичност. Деформация. Вж и 620. 1
УДК код - определител по УДК 539.3
УДК определител (075.8)
УДК - код + определител 539.3(075.8)
080 ## - УДК
Текстов определител УДК Строителна механика. Методи за изчисляване на строителните конструкции
УДК код - определител по УДК 624.04
УДК определител (075.8)
УДК - код + определител 624.04(075.8)
100 1# - Редна дума - Автор
Автор Върбанов, Христо Петров
Авторска отговорност първи автор
R(LIN) 257596
139 ## - Редно поле
Редна дума Върбанов, Христо Петров
245 10 - Сведения за заглавието
Заглавие Теория на еластичността
Подзаглавни данни Учебник за студентите от ВИСИ
Редно поле (дума) Христо П. Върбанов.
250 ## - Област на изданието
Сведения за изданието 4. прераб. изд.
257 ## - Страна на издаване
Страна на създаване/издаване България
260 ## - Област на издателските данни
Място на издаване, разпространение и проч. София
Име на издателя, разпространителя и проч. Техника
Година на издаване 1976
300 ## - Физическа характеристика
Страници 400 с.
Илюстрации и др. с черт.
Размери/Мащаб 25 см
380 ## - Жанр
Жанр Естествени науки. Математика
500 ## - Общи забележки
Забележка 1. изд. 1955. - Библиогр. с. 393-396. - Именен, предм. показалци.
650 #4 - Допълнително описание по предмет – тема
Основно описание – тема или топоним Еластичност - теория - учебници за ВУЗ
9 (RLIN) 154519
650 #4 - Допълнително описание по предмет – тема
Основно описание – тема или топоним Строителна механика - учебници за ВУЗ
9 (RLIN) 260674
653 ## - Ключова дума – ненормативна
Ключова дума еластичност
653 ## - Ключова дума – ненормативна
Ключова дума строителна механика
653 ## - Ключова дума – ненормативна
Ключова дума учебници за ВУЗ
852 ## - Местоположение
Форматна сигнатура Цб 83029
Фондова буква Хранилище
856 4# - Електронен адрес и достъп
Електронен формат pdf - файл
Инструкция (цена за достъп) 0.00
Права за достъп disable
999 ## - СИСТЕМНИ КОНТРОЛНИ НОМЕРА
Koha biblionumber 59222
Koha biblioitemnumber 59222
942 ## - АРТИКУЛИ
Вид на библиотечния материал Книги
Скрит в OPAC Не
Периодичен библиозапис Да
944 ## - СЪЗДАВАНЕ И РЕДАКЦИЯ на ЗАПИСА
Създаване/Редакция Създаване
Дата на регистрацията/редакция 13.06.2004
Служител, извършил регистрацията/редакцията Валя_Йорданова
944 ## - СЪЗДАВАНЕ И РЕДАКЦИЯ на ЗАПИСА
Създаване/Редакция Редакция
Дата на регистрацията/редакция 2022-10-21
Наличности
Код за отписване Код за изгубен артикул Код за повреда Коз за рестрикции Код за отдаване Артикулен № Име на библиотеката - собственик Име на библиотеката, в която се намира в момента Статус (Текущо местоположение) Дата на вписване в системата Местоположение - отдел Цена в лева Инвентарен номер Систематично азбучна сигнатура Баркод Номер на екземпляра Цена в евро Служебна бележка Служебен тип на артикула Източник на класификационната схема
  Не е изгубен Не е повреден без рестрикции ползва се в читалня 96480 Регионална библиотека "Любен Каравелов" Русе Регионална библиотека "Любен Каравелов" Русе Читалня 2010-07-15 Читалня 1.97 120000745039 Ч 539.3/.6/В 97 120000745039 1 1.01 Дост: DA Вид: А N: 19 Дата: 15.07.2010 Дата инв: 16.03.2017 Бележки инв: Ч2017 Книги  
  Не е изгубен Не е повреден без рестрикции ползва се в читалня 96481 Регионална библиотека "Любен Каравелов" Русе Регионална библиотека "Любен Каравелов" Русе Хранилище 1976-01-01 Хранилище 1.97 214744 Цб 83029 120000214744 2 1.01 Дост: Dp Вид: Д N: стар фонд Дата: 01.01.1976 Книги Universal Decimal Classification
  Не е изгубен Не е повреден без рестрикции заемане за дома 96482 Регионална библиотека "Любен Каравелов" Русе Регионална библиотека "Любен Каравелов" Русе Заемна - подръчен фонд 1976-01-01 Заемна - подръчен фонд 1.97 215193 П 539.3/.6/В 97 120000215193 3 1.01 Дост: Pk Вид: Ф N: стар фонд Дата: 01.01.1976 Дата инв: 02.02.2018 Бележки инв: П2018 Книги Universal Decimal Classification
Изтеглен Не е изгубен Не е повреден без рестрикции заемане за дома 96483 Регионална библиотека "Любен Каравелов" Русе Регионална библиотека "Любен Каравелов" Русе Заемна - подръчен фонд 1976-01-01 Заемна - подръчен фонд 1.97 215194 П 539.3/.6/В 97 215194 4 1.01 Дост: Pk Вид: Ф N: стар фонд Дата: 01.01.1976 Книги Universal Decimal Classification
Vip Innovations Ltd, Rousse, Bulgaria 2025